000 00728nam a2200217Ii 4500
003 JO-AjNU
008 230605s9999||||xx |||||||||||||| ||und||
017 _a2009/2/600
040 _aJO-AjNU
_bara
_erda
_cJO-AjNU
041 _aara
050 1 4 _aHF5821.A4424 2010
100 3 _aالعلاق، بشير,
_eauthor
_933025
245 0 0 _aالاعلان الدولي
250 _aط العربية
264 3 1 _aعمان: دار اليازوري العلمية للنشر والتوزيع، 2010
300 _a226ص
_bيحتوي على ببلوغرافية من ص223-226ص
336 _atext
_btxt
_2rdacontent
337 _aunmediated
_bn
_2rdamedia
338 _avolume
_bnc
_2rdacarrier
650 4 _aالاعلان
_933026
999 _aA13398
_c16966
_d16966